|
|
|
|
| LEADER |
00000nam2a2200000 4500 |
| 001 |
277975 |
| 005 |
20231101235052.0 |
| 020 |
|
|
|a RU
|b 86-4329
|
| 035 |
|
|
|a (RuTPU)RU\TPU\book\301252
|
| 090 |
|
|
|a 277975
|
| 100 |
|
|
|a 20141208d1986 k y0rusy5003 ca
|
| 101 |
0 |
|
|a rus
|
| 102 |
|
|
|a RU
|
| 105 |
|
|
|a a z 001zy
|
| 200 |
0 |
|
|a Том 17, № 1
|
| 210 |
|
|
|d 1986
|
| 215 |
|
|
|a 156 с.
|c ил.
|
| 320 |
|
|
|a Библиогр. в конце ст.
|
| 461 |
|
1 |
|0 (RuTPU)RU\TPU\book\295825
|t Численные методы механики сплошной среды
|o сборник научных трудов
|f Академия наук СССР (АН СССР), Сибирское отделение (СО), Вычислительный центр ; Институт теоретической и прикладной механики (ИТПМ)
|v Том 17, № 1
|d 1978-1986
|
| 606 |
1 |
|
|a Механика сплошных сред
|2 stltpush
|3 (RuTPU)RU\TPU\subj\43578
|9 63063
|
| 610 |
1 |
|
|a физика
|
| 610 |
1 |
|
|a численные методы
|
| 610 |
1 |
|
|a задачи
|
| 610 |
1 |
|
|a аналитические решения
|
| 610 |
1 |
|
|a корректность
|
| 610 |
1 |
|
|a программирование
|
| 610 |
1 |
|
|a многокомпонентные среды
|
| 610 |
1 |
|
|a идеальный газ
|
| 610 |
1 |
|
|a турбулентность
|
| 610 |
1 |
|
|a обтекание
|
| 610 |
1 |
|
|a краевые задачи
|
| 610 |
1 |
|
|a диссипация
|
| 610 |
1 |
|
|a научные труды
|
| 675 |
|
|
|a 531/534
|v 4
|
| 801 |
|
0 |
|a RU
|b RuMRKP
|c 19950704
|g psbo
|
| 801 |
|
1 |
|a RU
|b 63413507
|c 20141208
|
| 801 |
|
2 |
|a RU
|b 63413507
|c 20170410
|g RCR
|
| 942 |
|
|
|c BK
|